The debt-free lifestyle : (Record no. 344855)
[ view plain ]
| 000 -LEADER | |
|---|---|
| fixed length control field | 00800nam a2200277Ia 4500 |
| 008 - FIXED-LENGTH DATA ELEMENTS--GENERAL INFORMATION | |
| fixed length control field | 171025s9999 xx 000 0 und d |
| 020 ## - INTERNATIONAL STANDARD BOOK NUMBER | |
| International Standard Book Number | 4806523174343 |
| 050 ## - LIBRARY OF CONGRESS CALL NUMBER | |
| Classification number | 332.02 |
| 050 ## - LIBRARY OF CONGRESS CALL NUMBER | |
| Item number | L783 2015 |
| 100 ## - MAIN ENTRY--PERSONAL NAME | |
| Personal name | Liuson, Andrew I. |
| 245 #4 - TITLE STATEMENT | |
| Title | The debt-free lifestyle : |
| 245 ## - TITLE STATEMENT | |
| Remainder of title | ten principle that can revolutionize your life / |
| 245 ## - TITLE STATEMENT | |
| Statement of responsibility, etc | by Andrew I. Liuson and Leah M. Darwin ; foreword by Steve B. Douglas. |
| 250 ## - EDITION STATEMENT | |
| Edition statement | Revised edition. |
| 260 ## - PUBLICATION, DISTRIBUTION, ETC. (IMPRINT) | |
| Place of publication, distribution, etc | Makati City, Philippines : |
| 260 ## - PUBLICATION, DISTRIBUTION, ETC. (IMPRINT) | |
| Name of publisher, distributor, etc | Cross Over Books, |
| 260 ## - PUBLICATION, DISTRIBUTION, ETC. (IMPRINT) | |
| Date of publication, distribution, etc | 2015 |
| 300 ## - PHYSICAL DESCRIPTION | |
| Extent | 216 pages : |
| 300 ## - PHYSICAL DESCRIPTION | |
| Other physical details | illustrations ; |
| 300 ## - PHYSICAL DESCRIPTION | |
| Dimensions | 18cm. |
| 500 ## - GENERAL NOTE | |
| General note | Includes indexes and endnotes. |
| 650 ## - SUBJECT ADDED ENTRY--TOPICAL TERM | |
| Topical term or geographic name as entry element | Personal finance. |
| 700 ## - ADDED ENTRY--PERSONAL NAME | |
| Personal name | Darwin, Leah M. |
| 700 ## - ADDED ENTRY--PERSONAL NAME | |
| Personal name | Douglas, Steve B. |
| 700 ## - ADDED ENTRY--PERSONAL NAME | |
| Personal name | Title. |
| Withdrawn status | Lost status | Damaged status | Home library | Current library | Date acquired | Total Checkouts | Full call number | Barcode | Date last seen | Price effective from | Koha item type |
|---|---|---|---|---|---|---|---|---|---|---|---|
| Stonyhurst Southville International School (Malarayat) | Stonyhurst Southville International School (Malarayat) | 10/25/2017 | SHS 332.02 L783 2015 | SSISM3908 | 10/25/2017 | 10/25/2017 | Books |